Las paradojas de la libertad : (Record no. 190656)

MARC details
000 -LEADER
campo de control de longitud fija 02231nam a2200241 i 4500
001 - NÚMERO DE CONTROL
campo de control 190656
003 - IDENTIFICADOR DE NÚMERO DE CONTROL
campo de control ES-MaACL
005 - FECHA Y HORA DE LA ÚLTIMA TRANSACCIÓN
campo de control 20250804161024.0
008 - DATOS DE LONGITUD FIJA--INFORMACIÓN GENERAL
campo de control de longitud fija 220311s2010 sp 001 0 spa
020 ## - NÚMERO INTERNACIONAL ESTÁNDAR DEL LIBRO
Número Internacional Estándar del Libro 978-84-309-5078-2
080 ## - NÚMERO DE LA CLASIFICACIÓN DECIMAL UNIVERSAL
Número de la Clasificación Decimal Universal 821.134.2-92"19"
100 1# - ENTRADA PRINCIPAL--NOMBRE DE PERSONA
Nombre de persona Pendás García, Benigno.
9 (RLIN) 90158
245 14 - MENCIÓN DEL TÍTULO
Título Las paradojas de la libertad :
Resto del título España, desde la Tercera de ABC /
Mención de responsabilidad, etc. Benigno Pendás.
260 ## - PUBLICACIÓN, DISTRIBUCIÓN, ETC.
Lugar de publicación, distribución, etc. Madrid :
Nombre del editor, distribuidor, etc. Tecnos,
Fecha de publicación, distribución, etc. [2010]
300 ## - DESCRIPCIÓN FÍSICA
Extensión 506 p. ;
Dimensiones 23 cm.
500 ## - NOTA GENERAL
Nota general Índice onomástico.
505 8# - NOTA DE CONTENIDO CON FORMATO
Nota de contenido con formato Selección de 126 Terceras: Las paradojas de la libertad (28 de agosto de 1998) ; La lucha por la Constitución (3 de octubre de 1998) ; Bentham y los orígenes del centro reformista (29 de enero de 2000) ; Cuatro tesis sobre el Museo del Prado (19 de mayo de 2000) ; Tucídides nos enseña historia (2 de septiembre de 2000) ; ¿Qué se espera de España? (17 de octubre de 2000) ; La Monarquía y el honor (27 de diciembre de 2000) ; Nosotros, el pueblo de los Estados Unidos (20 de enero de 2001) ; Wagner, arte y política (10 de marzo de 2001) ; Britania: orgullo y prejuicio (18 de abril de 2001) ; Educación y virtudes liberales (2 de junio de 2001) ; España desde la Graciosa (26 de junio de 2001) ; Periódicos, y no Gobierno (22 de julio de 2001) ; El último fabiano (3 de agosto de 2001) ; Di, ¿dónde está Atenas? (10 de agosto de 2001) ; Gescartera: cuando éramos liberales (31 de agosto de 2001) ; Lecciones para ganar una guerra (13 de septiembre de 2001) ; Una guerra para la libertad (8 de octubre de 2001) ; Patriotismo español (30 de octubre de 2001) ; Vuelo de majas (21 de noviembre de 2001) ; El príncipe y el honor (15 de diciembre de 2001) ; Habla el Rey en Nochebuena (26 de diciembre de 2001) ; Tiempo para Garcilaso (11 de enero de 2002) ; Los nuevos jacobinos (22 de febrero de 2002) ; Global o no global (16 de marzo de 2002) ; El 18 de Brumario de la V República (23 de abril de 2002)…
852 4# - LOCALIZACIÓN
Ubicación ES-MaACL
Número de control de estantería A-14927
itemnumber 197836
Sublocalización o colección R.153148
Ubicación en estantería Depósito 1
Signatura antigua Olim: N-7927
Donativo/Legado Donación: Pilar Fernandez Vera
903 ## - NOMBRE PERSONAL DE DONANTE
a Fernández Vera, Pilar,
d 1961-
e Donante
9 49420
942 ## - ELEMENTOS DE ENTRADA SECUNDARIOS (KOHA)
Fuente del sistema de clasificación o colocación Clasificación decimal universal
Tipo de ítem Koha Libro impreso
Holdings
Estatus retirado Estado de pérdida Fuente del sistema de clasificación o colocación Estado de daño No para préstamo Biblioteca de origen Biblioteca actual Ubicación en estantería Fecha de adquisición Fuente de adquisición Total de préstamos Signatura topográfica completa Código de barras Visto por última vez Precio de reemplazo Tipo de ítem Koha
    Clasificación decimal universal     Biblioteca del Ateneo de Madrid Biblioteca del Ateneo de Madrid Depósito 1 11/03/2022 Donación   A-14927 1202884 23/02/2023 23/02/2023 Libro impreso